000 00408nam a2200133Ia 4500
008 211109s9999||||xx |||||||||||||| ||und||
082 _a823.3
_bBAS-P
100 _aBasheer, Vaikom Muhammad
245 0 _aPoovan Banana
260 _bOrient Blackswan
_aNew Delhi
_c1994
630 _xGeneral stack
650 _aEnglish fiction
_vEnglish & Old English literatures
_xLiterature & rhetoricMalayalam
942 _cBOOK
999 _c50236
_d50236